000
00303nam a2200133Ia 4500
005
20260326235451.0
008
260326s9999||||xx |||||||||||||| ||und||
100
_a
Cemex
245
0
_a
XV Premio Obras Cemex /
_c
Cemex
260
_b
Cemex
300
_a
347 p.
650
_a
ARQUITECTURA CIVIL
942
_c
BK
999
_c
7767
_d
7767